[Event "SVK-ch U08"]
[Site "Tatralandia"]
[Date "2024.04.07"]
[Round "4"]
[White "Virostko, Arlen"]
[Black "Hutta, Richard"]
[Result "1-0"]
[WhiteElo "1046"]
[BlackElo "1000"]
[PlyCount "83"]
[EventDate "2024.04.05"]
[EventType "swiss"]
[EventRounds "9"]
[EventCountry "SVK"]
[SourceTitle "CB16_2024"]
[SourceDate "2024.04.17"]
[SourceVersion "1"]
[SourceVersionDate "2024.04.17"]
[SourceQuality "1"]

1. e4 e5 2. Qf3 Qf6 3. Qxf6 Nxf6 4. Nc3 d6 5. Nb5 Kd8 6. Nf3 a6 7. Nc3 Nc6 8. Ng5 Be6 9. Bd3 Kc8 10. 0-0 Nd4 11. b3 c6 12. Bb2 Nxc2 13. Bxc2 h6 14. Nf3 Bg4 15. Ne1 Kc7 16. Na4 b5 17. Nc3 b4 18. Na4 Rc8 19. Bd3 a5 20. Ba6 Ra8 21. Bc4 Be7 22. Bxf7 g5 23. f3 Bd7 24. d4 exd4 25. Bxd4 c5 26. Bb2 Rhf8 27. Bc4 Ne8 28. Bd5 Ra6 29. Bc4 Ra7 30. Nd3 Bxa4 31. bxa4 Kc6 32. Bb5+ Kb6 33. a3 Bf6 34. Bxf6 Nxf6 35. axb4 axb4 36. e5 dxe5 37. Nxe5 Ra5 38. Nd7+ Nxd7 39. Bxd7 c4 40. Rac1 Kc5 41. Bb5 b3 42. Rxc4+ 1-0